<?xml version="1.0" encoding="UTF-8"?>
<record
    xmlns:xsi="http://www.w3.org/2001/XMLSchema-instance"
    xsi:schemaLocation="http://www.loc.gov/MARC21/slim http://www.loc.gov/standards/marcxml/schema/MARC21slim.xsd"
    xmlns="http://www.loc.gov/MARC21/slim">

  <leader>00904cab a2200217 i 4500</leader>
  <controlfield tag="001">768714001</controlfield>
  <controlfield tag="003">CO-MdFUSB</controlfield>
  <controlfield tag="005">20250718140630.0</controlfield>
  <controlfield tag="008">170513s1997    cr ||||| |||| 00| 0 spa d</controlfield>
  <datafield tag="022" ind1=" " ind2=" ">
    <subfield code="a">[No incluye ISSN]</subfield>
  </datafield>
  <datafield tag="040" ind1=" " ind2=" ">
    <subfield code="a">CO-MdFUSB</subfield>
    <subfield code="b">spa</subfield>
    <subfield code="c">CO-MdFUSB</subfield>
    <subfield code="d">CO-MdFUSB</subfield>
  </datafield>
  <datafield tag="041" ind1=" " ind2=" ">
    <subfield code="a">spa</subfield>
  </datafield>
  <datafield tag="100" ind1="1" ind2=" ">
    <subfield code="a">Mariscal, Mois&#xE9;s</subfield>
    <subfield code="e">autor</subfield>
  </datafield>
  <datafield tag="245" ind1="1" ind2="0">
    <subfield code="a">El di&#xE1;logo : </subfield>
    <subfield code="b">una manera b&#xED;blica de resolver los problemas en la iglesia</subfield>
    <subfield code="c">/ Mois&#xE9;s Mariscal</subfield>
  </datafield>
  <datafield tag="300" ind1=" " ind2=" ">
    <subfield code="a">Volumen 14. N&#xFA;mero 3 (1997),  p&#xE1;ginas 18-19</subfield>
    <subfield code="c">: 28 cm. </subfield>
  </datafield>
  <datafield tag="520" ind1=" " ind2=" ">
    <subfield code="a">No todas las decisiones del concejo de la iglesia entran en la santa voluntad de Dios; s&#xF3;lo est&#xE1;n en la voluntad de Dios cuando los l&#xED;deres entran en el di&#xE1;logo con actitudes humildes.</subfield>
  </datafield>
  <datafield tag="650" ind1=" " ind2="0">
    <subfield code="9">2014</subfield>
    <subfield code="a">Liderazgo</subfield>
  </datafield>
  <datafield tag="773" ind1="0" ind2=" ">
    <subfield code="t">Apuntes Pastorales</subfield>
    <subfield code="0">49442 </subfield>
    <subfield code="9">60173</subfield>
    <subfield code="g">Volumen 14. N&#xFA;mero 3 (1997),  p&#xE1;ginas 18-19</subfield>
    <subfield code="q">P&#xE1;gina 18</subfield>
  </datafield>
  <datafield tag="942" ind1=" " ind2=" ">
    <subfield code="c">ANA</subfield>
  </datafield>
  <datafield tag="945" ind1=" " ind2=" ">
    <subfield code="a">JTF-925</subfield>
  </datafield>
  <datafield tag="999" ind1=" " ind2=" ">
    <subfield code="c">57946</subfield>
    <subfield code="d">57946</subfield>
  </datafield>
</record>
